| 000 | 00429nam a2200145 a 4500 | ||
|---|---|---|---|
| 001 | 000026534 | ||
| 005 | 20200930030255.0 | ||
| 008 | 110322s2000 dr 000 0 spa d | ||
| 040 |
_aDO-SdBNP _bspa _cBNPHU |
||
| 245 | 0 | 0 | _aResoluciones emitidas por la sala capitular. |
| 260 |
_aSanto Domingo : _bAyuntamiento del Distrito Nacional, _c[2000]. |
||
| 300 |
_av. ; _c22 cm. |
||
| 500 | _aLa biblioteca posee el v. 2 | ||
| 049 | _aBNPD | ||
| 999 |
_c26026 _d26026 |
||